000 01041nam a22002657a 4500
999 _c63567
_d63567
005 20240530110648.0
008 171102s2015 ua h g b 000 0 ara d
017 _a2015/1837
_bمصر. دار الكتب
020 _a9789777220774
040 _aEG-CaGPL
_cEG-CaGPL
082 0 4 _221
_a370.15 /
_bم ق
100 0 _aهانى السيد العزب
245 1 0 _aدور الاسرة فى اعداد القائد الصغير /
_cتاليف هانى السيد العزب
250 _aط. 1
260 _aالقاهرة :
_bالمجموعة العربية للتدريب و النشر ،
_c2015.
300 _a173 ص. :
_bصور ؛
_c24 سم.
490 0 _aسلسلة قائد المستقبل ؛
_v1
504 _aيشتمل على ارجاعات ببليوجرافية
650 0 7 _2qrmak
_aالعلاقات الاسرية
650 0 7 _2qrmak
_aالعلاقات الانسانية
650 0 7 _2qrmak
_aعلم النفس الاجتماعى
651 _2qrmak
942 _2ddc
_cBK